|
|
|
|
| LEADER |
03292nam a2200721 i 4500 |
| 001 |
nkc20152757453 |
| 003 |
CZ PrNK |
| 005 |
20260112122230.0 |
| 007 |
ta |
| 008 |
151218s2015 xr ab f 000 0 cze |
| 015 |
|
|
|a cnb002757453
|
| 020 |
|
|
|a 978-80-87706-91-6
|q (brožováno)
|
| 035 |
|
|
|a (OCoLC)939572487
|
| 040 |
|
|
|a ABA001
|b cze
|d OLA001
|e rda
|
| 041 |
1 |
|
|a cze
|a pol
|b cze
|b eng
|b pol
|h cze
|
| 043 |
|
|
|a e-pl---
|a e-xr---
|b e-xr-cc
|2 czenas
|
| 044 |
|
|
|a xr
|a pl
|
| 072 |
|
7 |
|a 639.1
|x Myslivost
|2 Konspekt
|9 24
|
| 080 |
|
|
|a 599.735.311
|2 MRF
|
| 080 |
|
|
|a 639.1.04
|2 MRF
|
| 080 |
|
|
|a 502.21(1-751.2)
|2 MRF
|
| 080 |
|
|
|a (437.31-17)
|2 MRF
|
| 080 |
|
|
|a (438)
|2 MRF
|
| 080 |
|
|
|a (048.8:082)
|2 MRF
|
| 100 |
1 |
|
|a Šustr, Pavel
|7 jcu2010578365
|4 aut
|
| 245 |
1 |
0 |
|a Jeleni v Krkonoších /
|c Pavel Šustr, Jiří Lamka, Roman Rąpała a kolektiv ; překlady do polštiny Pygmalion s.r.o., překlad do angličtiny Pro Education International Language Education & Consulting Centre s.r.o. = Jelenie w Karkonoszach / Pavel Šustr, Jiří Lamka, Roman Rąpała i inni ; tłumaczenie na język polski: Pygmalion s.r.o., tłumaczenie na język angielski: Pro Education International Language Education & Consulting Centre s.r.o.
|
| 246 |
3 |
1 |
|a Jelenie w Karkonoszach
|
| 264 |
|
1 |
|a Vrchlabí :
|b Správa Krkonošského národního parku ;
|a Jelenia Góra :
|b Dyrekcja Karkonoskiego Parku Narodowego,
|c 2015
|
| 300 |
|
|
|a 199 stran :
|b barevné ilustrace, mapy ;
|c 24 cm
|
| 336 |
|
|
|a text
|b txt
|2 rdacontent
|
| 337 |
|
|
|a bez média
|b n
|2 rdamedia
|
| 338 |
|
|
|a svazek
|b nc
|2 rdacarrier
|
| 500 |
|
|
|a 2000 výtisků
|
| 504 |
|
|
|a Obsahuje bibliografii
|
| 546 |
|
|
|a Souběžný polský text, české, anglické a polské resumé
|
| 650 |
0 |
7 |
|a jelen evropský
|7 ph114830
|2 czenas
|
| 650 |
0 |
7 |
|a chov zvěře
|7 ph119203
|z Česko
|2 czenas
|
| 650 |
0 |
7 |
|a chov zvěře
|7 ph119203
|z Polsko
|2 czenas
|
| 650 |
0 |
7 |
|a národní parky
|7 ph115506
|z Česko
|2 czenas
|
| 650 |
0 |
7 |
|a národní parky
|7 ph115506
|z Polsko
|2 czenas
|
| 650 |
0 |
9 |
|a red deer
|2 eczenas
|
| 650 |
0 |
9 |
|a game husbandry
|z Czechia
|2 eczenas
|
| 650 |
0 |
9 |
|a game husbandry
|z Poland
|2 eczenas
|
| 650 |
0 |
9 |
|a national parks
|z Czechia
|2 eczenas
|
| 650 |
0 |
9 |
|a national parks
|z Poland
|2 eczenas
|
| 651 |
|
7 |
|a Krkonošský národní park (Česko)
|7 ge128503
|2 czenas
|
| 651 |
|
7 |
|a Karkonoski Park Narodowy (Polsko)
|7 ge128499
|2 czenas
|
| 651 |
|
9 |
|a Krkonoše National Park (Czechia)
|2 eczenas
|
| 651 |
|
9 |
|a Karkonoski Park Narodowy (Poland)
|2 eczenas
|
| 655 |
|
7 |
|a kolektivní monografie
|7 fd501537
|2 czenas
|
| 655 |
|
9 |
|a collective monographs
|2 eczenas
|
| 700 |
1 |
|
|a Lamka, Jiří,
|d 1953-
|7 nlk19990073481
|4 aut
|
| 700 |
1 |
|
|a Rąpała, Roman,
|d 1980-
|7 xx0200332
|4 aut
|4 pht
|
| 700 |
1 |
2 |
|a Šustr, Pavel.
|t Jeleni v Krkonoších
|
| 700 |
1 |
2 |
|a Šustr, Pavel.
|t Jeleni v Krkonoších.
|l Polsky
|
| 710 |
2 |
|
|a Pygmalion (firma)
|7 mzk2015891391
|4 trl
|
| 710 |
2 |
|
|a Pro Education International Language Education & Consulting Centre
|7 ko2015897233
|4 trl
|
| 910 |
2 |
|
|a BOA001
|b 2-1358.625
|
| 990 |
|
|
|a BK
|
| 995 |
|
|
|a 01
|
| 991 |
|
|
|b 201601
|c NOV
|
| 996 |
6 |
|
|b 2610654726
|c 2-1358.625
|l MZK
|r Sklad / do 1 hodiny
|n 1
|p p.v.
|w 001537472
|u 000010
|a 1
|e BOA001
|j MZK50
|s P
|
| 996 |
7 |
|
|b 2610654727
|c 2-1358.625
|l MZK
|r Sklad / do 1 hodiny
|n 0
|p dar
|w 001537472
|u 000020
|a 1
|e BOA001
|j MZK50
|s A
|